Largest African Cities That Are Not Capitals - Statistics

General Stats
  • This quiz has been taken 303 times
    213 since last reset
  • The average score is 12 of 20
Answer Stats
Country Population Answer % Correct
Nigeria 15,388,000 Lagos
99%
Egypt 5,381,000 Alexandria
97%
South Africa 5,926,668 Johannesburg
91%
Morocco 3,793,585 Casablanca
90%
Tanzania 7,100,000 Dar es Salaam
87%
South Africa 3,981,205 Durban
81%
Cote d'Ivoire 5,381,826 Abidjan
76%
Nigeria 3,550,000 Kano
72%
Kenya 1,500,000 Mombasa
67%
Egypt 9,200,000 Giza
66%
South Africa 1,213,060 Port Elizabeth
59%
Cameroon 3,793,363 Douala
58%
Nigeria 3,649,000 Ibadan
52%
Democratic Republic of the Congo 2,584,133 Lubumbashi
47%
Ghana 3,490,000 Kumasi
41%
Nigeria 1,781,999 Benin City
37%
Democratic Republic of the Congo 2,642,794 Mbuji-Mayi
26%
Sudan 2,805,396 Omdurman
24%
Kenya 1,268,826 Kisumu
7%
South Africa 3,982,223 East Rand
1%
No matching quizzes found
Score Distribution
Percent of People with Each Score
Percentile by Number Answered
Your Score History
You have not taken this quiz since the last reset